000 00722nam a2200241Ia 4500
001 9094
003 GE_BSU
008 181216s||||||||xx |||||||||||||| ||und||
040 _cGE_BSU
080 _a821.353.1-1
100 _aლებანიძე,მურმან
245 _aოცი წიგნიდან
245 _bლექსები.
245 _cავტ.წინასიტყვ;რედ:ტ.ჭანტურია
260 _aთბილისი.
260 _bნაკადული.
260 _c1966
300 _a122გვ;17სმ
300 _b1ფ.პორტრ.
653 _aლექსები.
653 _aოცი წიგნიდან
942 _cBK
999 _c42398
_d42398